000 00472nam a2200145Ia 4500
008 100122s9999 xx 000 0 und d
082 _b24194
_a823.08
100 _aधारप नारायण
245 _aसमर्थाची स्मरणी
260 _bनिशांत प्रकाशन
_c1976
300 _a153
630 _aसमर्थाची स्मरणी
730 _aसमर्थाची स्मरणी
942 _cBOOK
999 _c411580
_d411577